The moral revolution : a Christian humanist vision /

Bibliographic Details
Main Author: Maguire, Daniel C.
Format: Book
Language:English
Published: San Francisco : Harper & Row, [1986]
Subjects:

MARC

Tag First Indicator Second Indicator Subfields
LEADER 00000cam a2200000 a 4500
001 in00000010826
005 20151007051927.0
008 860619r19861968cau b 00110 eng
010 |a  85051826  
020 |a 0062545396 (pbk.) :  |c $14.95 
035 |a (OCoLC)13821427 
035 |9 AAA5487AM 
040 |a DLC  |c DLC  |d m/c  |d TXA  |d UtOrBLW 
049 |a TXAM  |c [A12640805] 
050 0 0 |a BJ1249  |b .M164 1986 
082 0 |a 241/.042  |2 19 
100 1 |a Maguire, Daniel C. 
245 1 4 |a The moral revolution :  |b a Christian humanist vision /  |c Daniel C. Maguire. 
264 1 |a San Francisco :  |b Harper & Row,  |c [1986] 
264 4 |c ©1986 
300 |a iv, 299 pages ;  |c 24 cm. 
336 |a text  |b txt  |2 rdacontent 
337 |a unmediated  |b n  |2 rdamedia 
338 |a volume  |b nc  |2 rdacarrier 
500 |a Reprint of articles originally published 1968-1984. With corrections. 
504 |a Bibliography: pages [271]-289. 
500 |a Includes index. 
650 0 |a Christian ethics  |x Catholic authors. 
999 |a MARS 
999 f f |s 70584a5e-97e6-3555-8413-dc26bc494feb  |i f0409dda-85b6-3a59-9536-adc095d4ac87  |t 0 
952 f f |p ric  |a Texas A&M University  |b Rellis Campus  |c Joint Library Facility  |d Remote Storage  |t 0  |e BJ1249 .M164 1986  |h Library of Congress classification  |i unmediated -- volume  |m A14812640805 
998 f f |a BJ1249 .M164 1986  |t 0  |l Remote Storage